000 00483nam a22001817a 4500
003 NUST - PNEC
005 20170116180912.0
008 150903b xxu||||| |||| 00| 0 eng d
020 _a0442302320
040 _cLIBRARY
082 _a620.112 PAS
100 _97304
_aPascoe, K. J.
245 _a An introduction to the properties of engineering materials
_cK. J. Pascoe
250 _a3rd ed.
260 _cc.1978
650 _97147
_aEngineering Materials
_xME
942 _2ddc
_cBK
999 _c65313
_d65313